000 00835nas a2200277 4500
001 BR0704091
003 BR-BrBNA
005 20231205111048.0
007 ta
008 230509b bl.|||p| |||| 00| 00por d
040 _aBR-BrBNA
_bpor
_cBiblioteca Nacional de Agricultura
041 _a(Pt)
072 _aQ02; Q80
100 1 _aDonadon, J.R.
100 1 _aDurigan, J.F.
100 1 _aSouza, B.S. de
100 1 _aLima, M.A.
245 1 _aProdutos minimamente processados de mangas "Parvin" conservados em diferentes embalagens
650 _aMANGA
650 _aPRESERVAÇÃO DE ALIMENTO
650 _aEMBALAGEM
650 _aPROCESSAMENTO MININO
773 0 _tAlimentos e Nutrição (Brazil)
_xISSN 0103-4235
_g(2003), v. 14(1) p. 87-92
_wBR0704091
909 _a202311
_bLúcia
_c55
_dLúcia Elande
942 _2AGRIS
_n0
_cANA
999 _c190411
_d190411